000
00262nam a2200109Ia 4500
008
220204s9999 xx 000 0 und d
082
_a
930
_b
GRE
100
_a
Green, Peter
245
0
_a
Wonders of man: Parthenon
260
_b
S Arthur Dembner
_c
1973
942
_c
BK
999
_c
29657
_d
29657